Statistics for The Top 75 Players in NBA History

Click here to take the quiz!

General Stats

  • This quiz has been taken 23,842 times
  • The average score is 42 of 76

Answer Stats

Player% Correct
LeBron James
97%
Michael Jordan
97%
Kobe Bryant
92%
Shaquille O'Neal
91%
Stephen Curry
90%
Kareem Abdul-Jabbar
87%
Magic Johnson
87%
Larry Bird
86%
Jerry West
84%
Kevin Durant
84%
Wilt Chamberlain
83%
Scottie Pippen
81%
Tim Duncan
78%
James Harden
77%
Karl Malone
77%
Russell Westbrook
77%
Hakeem Olajuwon
76%
Moses Malone
76%
Bill Russell
74%
Dwyane Wade
73%
Julius Erving
73%
Dennis Rodman
72%
Dirk Nowitzki
71%
Allen Iverson
70%
Giannis Antetokounmpo
69%
John Stockton
69%
Kevin Garnett
68%
Steve Nash
68%
Charles Barkley
67%
David Robinson
67%
Isiah Thomas
67%
Ray Allen
65%
Chris Paul
64%
Oscar Robertson
60%
Patrick Ewing
60%
Carmelo Anthony
59%
Kawhi Leonard
59%
Paul Pierce
59%
Anthony Davis
58%
Jason Kidd
58%
Bob Cousy
56%
Damian Lillard
56%
Reggie Miller
54%
Clyde Drexler
53%
Kevin McHale
49%
Bob Pettit
47%
Elgin Baylor
47%
John Havlicek
47%
Dominique Wilkins
46%
Gary Payton
46%
James Worthy
46%
Lenny Wilkens
45%
Bill Walton
43%
Robert Parish
40%
George Mikan
39%
Wes Unseld
38%
George Gervin
37%
Bob McAdoo
36%
Pete Maravich
36%
Rick Barry
35%
Sam Jones
35%
Walt Frazier
34%
Willis Reed
34%
Elvin Hayes
32%
Dave Cowens
27%
Nate Archibald
24%
Dolph Schayes
22%
Paul Arizin
22%
Earl Monroe
19%
Nate Thurmond
19%
Billy Cunningham
18%
Hal Greer
18%
Dave Bing
17%
Dave DeBusschere
17%
Jerry Lucas
17%
Bill Sharman
13%

Score Distribution

Percentile by Number Answered

Percent of People with Each Score

Your Score History

You have not taken this quiz